000 00880nam a2200205Ii 4500
003 JO-AjNU
008 230605s9999||||xx |||||||||||||| ||und||
017 _a2009/12/5398
040 _aJO-AjNU
_bara
_erda
_cJO-AjNU
041 _aara
050 1 4 _aDS154.13.G38.2010
100 3 _aغوانمة،يوسف حسن ,
_eauthor
_959549
245 0 0 _aبطولات الجيش العربي:القوات المسلحة الاردنية في القدس وفلسطين 1948
264 3 1 _aعمان: المؤلف 2010
300 _a203ص
_b ويحتوي على قائمة مراجع من ص191ص- 203ص
336 _atext
_btxt
_2rdacontent
337 _aunmediated
_bn
_2rdamedia
338 _avolume
_bnc
_2rdacarrier
650 4 _aالقوات المسلحة الاردنية- الجيش العربي- الثورة العربية الكبرى- القدس - تاريخ فلسطين
_959550
999 _aA26803
_c30371
_d30371